<?xml version="1.0" encoding="UTF-8"?>
<record
    xmlns:xsi="http://www.w3.org/2001/XMLSchema-instance"
    xsi:schemaLocation="http://www.loc.gov/MARC21/slim http://www.loc.gov/standards/marcxml/schema/MARC21slim.xsd"
    xmlns="http://www.loc.gov/MARC21/slim">

  <leader>00601nam a22001697a 4500</leader>
  <controlfield tag="003">LK-CoDNM</controlfield>
  <controlfield tag="005">20251010115140.0</controlfield>
  <controlfield tag="008">251010b        |||||||| |||| 00| 0 eng d</controlfield>
  <datafield tag="020" ind1=" " ind2=" ">
    <subfield code="a">9786240012225</subfield>
  </datafield>
  <datafield tag="040" ind1=" " ind2=" ">
    <subfield code="a">LK-CoDNM</subfield>
    <subfield code="d">LK-CoDNM</subfield>
    <subfield code="e">LK-CoDNM</subfield>
  </datafield>
  <datafield tag="080" ind1=" " ind2=" ">
    <subfield code="a">301</subfield>
    <subfield code="b">PAT</subfield>
  </datafield>
  <datafield tag="100" ind1=" " ind2=" ">
    <subfield code="a">&#xD89;&#xDC3;&#xDCA;&#xDBB;&#xDCF;,&#xDAD;&#xDCF;&#xDC4;&#xDD3;&#xDBB;&#xDCA; &#xDB1;&#xDD6;&#xDBB;&#xDD4;&#xDBD;&#xDCA;,  &#xDBA;&#xDDD;&#xD9C;&#xDBB;&#xDCF;&#xDA2;&#xDB1;&#xDCA; &#xDC3;&#xDD4;&#xDC3;&#xDD2;&#xDBD;&#xDCF;</subfield>
    <subfield code="v">&#xDB4;&#xDAD;&#xDD2;&#xDBB;&#xDB1;,&#xDC4;&#xDDA;&#xDB8;&#xDA0;&#xDB1;&#xDCA;&#xDAF;&#xDCA;&#x200D;&#xDBB;</subfield>
  </datafield>
  <datafield tag="245" ind1=" " ind2=" ">
    <subfield code="a">&#xDAF;&#xDD4;&#xDB8;&#xDCF;&#xDBB;&#xDBA;&#xDD9;&#xDB1;&#xDCA; &#xDC0;&#xDD0;&#xDC3;&#xDD3;&#xD9C;&#xDD2;&#xDBA; &#xDB8;&#xDBD;&#xDCA; &#xD9A;&#xDD0;&#xD9A;&#xDD4;&#xDC5;&#xDD4;</subfield>
  </datafield>
  <datafield tag="260" ind1=" " ind2=" ">
    <subfield code="a">colombo</subfield>
    <subfield code="b">godage</subfield>
    <subfield code="c">2021</subfield>
  </datafield>
  <datafield tag="300" ind1=" " ind2=" ">
    <subfield code="a">88p,21cm</subfield>
  </datafield>
  <datafield tag="942" ind1=" " ind2=" ">
    <subfield code="c">BK</subfield>
  </datafield>
  <datafield tag="952" ind1=" " ind2=" ">
    <subfield code="0">0</subfield>
    <subfield code="1">0</subfield>
    <subfield code="4">0</subfield>
    <subfield code="7">0</subfield>
    <subfield code="8">MONO</subfield>
    <subfield code="a">MAIN</subfield>
    <subfield code="b">MAIN</subfield>
    <subfield code="c">REF</subfield>
    <subfield code="d">2025-10-10</subfield>
    <subfield code="l">0</subfield>
    <subfield code="o">301 PAT</subfield>
    <subfield code="p">P45420</subfield>
    <subfield code="r">2025-10-10</subfield>
    <subfield code="w">2025-10-10</subfield>
    <subfield code="y">BK</subfield>
  </datafield>
  <datafield tag="999" ind1=" " ind2=" ">
    <subfield code="c">240306</subfield>
    <subfield code="d">240306</subfield>
  </datafield>
</record>
